000 006260000a22001810004500
003 MACL
005 20160520130209.0
008 160520b xxu||||| |||| 00| 0 eng d
040 _aMACL
_cMACL
041 _aHindi
082 _a891.433
100 _aचन्‍द्र, यादवेन्‍द्र शर्मा
_958439
245 _aआग का गुलाब
_cयादवेन्‍द्र शर्मा चन्‍द्र
260 _bअनुराग प्रकाशन
_c1996
_aदिल्‍ली
350 _a150
650 _aLiteracture
_958440
942 _cHIN
_k891.433/SHA/N
_2ddc
999 _c11534
_d11534